<?xml version="1.0" encoding="UTF-8"?>
<collection xmlns="http://www.loc.gov/MARC21/slim">
 <record>
  <leader>02057nam a22002777a 4500</leader>
  <controlfield tag="001">NCT_4_016994</controlfield>
  <controlfield tag="008">250121b        xxu||||| |||| 00| 0 vie d</controlfield>
  <datafield tag="999" ind1=" " ind2=" ">
   <subfield code="c">8814</subfield>
   <subfield code="d">8814</subfield>
  </datafield>
  <datafield tag="020" ind1=" " ind2=" ">
   <subfield code="a">9786043628142</subfield>
   <subfield code="c">349000</subfield>
  </datafield>
  <datafield tag="082" ind1="0" ind2="4">
   <subfield code="2">23rd ed.</subfield>
   <subfield code="a">658.8</subfield>
   <subfield code="b">Ph300</subfield>
  </datafield>
  <datafield tag="100" ind1="1" ind2=" ">
   <subfield code="a">Kapferer, J. N.</subfield>
  </datafield>
  <datafield tag="245" ind1="1" ind2="0">
   <subfield code="a">Chiến lược xa xỉ</subfield>
   <subfield code="b">Phá vỡ quy luật tiếp thị để xây dựng thương hiệu xa xỉ</subfield>
   <subfield code="c">J. N. Kapferer, V. Bastien ; Quang Thiệu (dịch)</subfield>
  </datafield>
  <datafield tag="260" ind1=" " ind2=" ">
   <subfield code="a">H.</subfield>
   <subfield code="b">Công thương</subfield>
   <subfield code="c">2023</subfield>
  </datafield>
  <datafield tag="300" ind1=" " ind2=" ">
   <subfield code="a">645 tr.</subfield>
   <subfield code="c">Minh họa</subfield>
   <subfield code="b">24cm </subfield>
  </datafield>
  <datafield tag="500" ind1=" " ind2=" ">
   <subfield code="a">Tên sách tiếng Anh: The luxury strategy: break the rules of marketing to build luxury brands</subfield>
  </datafield>
  <datafield tag="520" ind1="3" ind2=" ">
   <subfield code="a">Cung cấp những kiến thức về thị trường xa xỉ, lịch sử của thị trường xa xỉ, đưa ra những mô hình kinh doanh hàng hoá xa xỉ, các chiến lược để xây dựng thương hiệu xa xỉ, định ra những quy luật khắt khe để quản lý thương hiệu xa xỉ một cách hiệu quả</subfield>
  </datafield>
  <datafield tag="653" ind1=" " ind2=" ">
   <subfield code="a">Truyền thông đa phương tiện</subfield>
  </datafield>
  <datafield tag="700" ind1="1" ind2=" ">
   <subfield code="a">Bastien, Vincent</subfield>
  </datafield>
  <datafield tag="700" ind1="0" ind2=" ">
   <subfield code="a">Quang Thiệu</subfield>
   <subfield code="e">Dịch</subfield>
  </datafield>
  <datafield tag="942" ind1=" " ind2=" ">
   <subfield code="2">ddc</subfield>
   <subfield code="c">BK</subfield>
  </datafield>
  <datafield tag="952" ind1=" " ind2=" ">
   <subfield code="0">0</subfield>
   <subfield code="1">0</subfield>
   <subfield code="2">ddc</subfield>
   <subfield code="4">0</subfield>
   <subfield code="6">658_800000000000000_PH300</subfield>
   <subfield code="7">0</subfield>
   <subfield code="9">30327</subfield>
   <subfield code="a">000001</subfield>
   <subfield code="b">000001</subfield>
   <subfield code="d">2025-01-21</subfield>
   <subfield code="o">658.8 Ph300</subfield>
   <subfield code="p">MD.23232</subfield>
   <subfield code="r">2025-01-21</subfield>
   <subfield code="v">349000.00</subfield>
   <subfield code="w">2025-01-21</subfield>
   <subfield code="y">BK</subfield>
  </datafield>
  <datafield tag="952" ind1=" " ind2=" ">
   <subfield code="0">0</subfield>
   <subfield code="1">0</subfield>
   <subfield code="2">ddc</subfield>
   <subfield code="4">0</subfield>
   <subfield code="6">658_800000000000000_PH300</subfield>
   <subfield code="7">0</subfield>
   <subfield code="9">30328</subfield>
   <subfield code="a">000001</subfield>
   <subfield code="b">000001</subfield>
   <subfield code="d">2025-01-21</subfield>
   <subfield code="o">658.8 Ph300</subfield>
   <subfield code="p">MD.23233</subfield>
   <subfield code="r">2025-01-21</subfield>
   <subfield code="v">349000.00</subfield>
   <subfield code="w">2025-01-21</subfield>
   <subfield code="y">BK</subfield>
  </datafield>
  <datafield tag="952" ind1=" " ind2=" ">
   <subfield code="0">0</subfield>
   <subfield code="1">0</subfield>
   <subfield code="2">ddc</subfield>
   <subfield code="4">0</subfield>
   <subfield code="6">658_800000000000000_PH300</subfield>
   <subfield code="7">0</subfield>
   <subfield code="9">30329</subfield>
   <subfield code="a">000001</subfield>
   <subfield code="b">000001</subfield>
   <subfield code="d">2025-01-21</subfield>
   <subfield code="o">658.8 Ph300</subfield>
   <subfield code="p">MD.23234</subfield>
   <subfield code="r">2025-01-21</subfield>
   <subfield code="v">349000.00</subfield>
   <subfield code="w">2025-01-21</subfield>
   <subfield code="y">BK</subfield>
  </datafield>
  <datafield tag="952" ind1=" " ind2=" ">
   <subfield code="0">0</subfield>
   <subfield code="1">0</subfield>
   <subfield code="2">ddc</subfield>
   <subfield code="4">0</subfield>
   <subfield code="6">658_800000000000000_PH300</subfield>
   <subfield code="7">0</subfield>
   <subfield code="9">30330</subfield>
   <subfield code="a">000001</subfield>
   <subfield code="b">000001</subfield>
   <subfield code="d">2025-01-21</subfield>
   <subfield code="o">658.8 Ph300</subfield>
   <subfield code="p">MD.23235</subfield>
   <subfield code="r">2025-01-21</subfield>
   <subfield code="v">349000.00</subfield>
   <subfield code="w">2025-01-21</subfield>
   <subfield code="y">BK</subfield>
  </datafield>
  <datafield tag="952" ind1=" " ind2=" ">
   <subfield code="0">0</subfield>
   <subfield code="1">0</subfield>
   <subfield code="2">ddc</subfield>
   <subfield code="4">0</subfield>
   <subfield code="6">658_800000000000000_PH300</subfield>
   <subfield code="7">0</subfield>
   <subfield code="9">30331</subfield>
   <subfield code="a">000001</subfield>
   <subfield code="b">000001</subfield>
   <subfield code="d">2025-01-21</subfield>
   <subfield code="o">658.8 Ph300</subfield>
   <subfield code="p">MD.23236</subfield>
   <subfield code="r">2025-01-21</subfield>
   <subfield code="v">349000.00</subfield>
   <subfield code="w">2025-01-21</subfield>
   <subfield code="y">BK</subfield>
  </datafield>
  <datafield tag="980" ind1=" " ind2=" ">
   <subfield code="a">Thư viện Trường Đại học Nam Cần Thơ</subfield>
  </datafield>
 </record>
</collection>
